Bioinformatics : approaches and applications (Record no. 173141)
[ view plain ]
| 000 -LEADER | |
|---|---|
| fixed length control field | 00383nam a2200145Ia 4500 |
| 008 - FIXED-LENGTH DATA ELEMENTS--GENERAL INFORMATION | |
| fixed length control field | 231217s9999 xx 000 0 und d |
| 041 ## - LANGUAGE CODE | |
| Language code of text/sound track or separate title | English |
| 082 ## - DEWEY DECIMAL CLASSIFICATION NUMBER | |
| Classification number | 574.880285 CHA;1 R |
| 100 ## - MAIN ENTRY--PERSONAL NAME | |
| Personal name | Chakraborty, Chiranjib |
| 245 #0 - TITLE STATEMENT | |
| Title | Bioinformatics : approaches and applications |
| 260 ## - PUBLICATION, DISTRIBUTION, ETC. | |
| Date of publication, distribution, etc. | 2004 |
| Name of publisher, distributor, etc. | Biotech |
| Place of publication, distribution, etc. | Delhi |
| 300 ## - PHYSICAL DESCRIPTION | |
| Extent | vi+223 |
| 650 ## - SUBJECT ADDED ENTRY--TOPICAL TERM | |
| Topical term or geographic name entry element | Bioinformatics,: |
| 942 ## - ADDED ENTRY ELEMENTS (KOHA) | |
| Koha item type | Books |
| Date last seen | Total checkouts | Full call number | Accession number | Cost, total (INR) price | Price effective from | Category | Lost status | Damaged status | Department | Withdrawn status | Home library | Current library | Shelving location | Entry date | Vendor | Cost, normal purchase price | Grants | Billnumber | Billdate | Currency symbol | Conversion rate | Discount | Old discount |
|---|---|---|---|---|---|---|---|---|---|---|---|---|---|---|---|---|---|---|---|---|---|---|---|
| 26/01/2024 | 574.880285 CHA;1 R | 30142 | 440.00 | 26/01/2024 | Books | Central Library | Central Library | Central Library | Central Library | 30/09/2004 | College Book House | 550.00 | BT/PG | A126 | 25/01/2007 | RS | 1 | 110 | 20 | ||||
| 26/01/2024 | 574.880285 CHA;2 R1 | 30252 | 440.00 | 26/01/2024 | Books | Central Library | Central Library | Central Library | Central Library | 06/10/2004 | College Book House | 550.00 | BT/PG | A155 | 05/02/2007 | RS | 1 | 110 | 20 |
